=LDR 00000nam 2200000 4500 =001 INLIS000000000054392 =990 ##$$a 61901056 =990 ##$$a 61901059 =990 ##$$a 61901058 =990 ##$$a 61901057 =005 20200123104821 =990 ##$$a 61901059 =990 ##$$a 61901058 =990 ##$$a 61901059 =990 ##$$a 61901059 =035 ##$$a 0010-0120000170 =990 ##$$a 61901057 =990 ##$$a 61901057 =990 ##$$a 61901058 =990 ##$$a 61901058 =007 ta =990 ##$$a 61901057 =990 ##$$a 61901056 =990 ##$$a 61901056 =990 ##$$a 61901056 =008 200123###########################0#ind## =020 ##$$a 978-602-1036-23-2 =082 ##$$a 899.221 3 =084 ##$$a 899.221 3 DES d =100 #$$a Desi Mayang Sari =245 1#$$a Durasi /$c Desi Mayang Sari =260 ##$$a Jakarta :$b Trans Media Pustaka,$c 2019 =300 ##$$a viii, 184 hlm. : $b ilus. ; $c 19 Cm. =600 #4$$a Fiksi indonesia =990 ##$$a 06860686 =990 ##$$a 06860686 =990 ##$$a 06860686 =990 ##$$a 06860686 =990 ##$$a 61901056 =990 ##$$a 6202000686 =990 ##$$a 6202000687 =990 ##$$a 6202000688 =990 ##$$a 61901057 =990 ##$$a 6202000686 =990 ##$$a 6202000687 =990 ##$$a 61901056 =990 ##$$a 61901058 =990 ##$$a 6202000686 =990 ##$$a 61901057 =990 ##$$a 61901056 =990 ##$$a 61901059 =990 ##$$a 61901058 =990 ##$$a 61901057 =990 ##$$a 61901056